Science Quiz

Random Science or Physics Quiz

Science Acrostic Puzzle Quiz Stats

 Plays Quiz Updated Jul 25, 2018

Challenge
Share
Tweet
Score 0/204 Timer 09:00
4 Plays Today
% Correct
,
100%
''
100%
''
100%
.
100%
H
92.3%
H
92.3%
L
92.3%
L
92.3%
I
92.2%
I
92.2%
E
92.1%
E
92.1%
X
92%
X
92%
O
91.9%
O
91.9%
P
91.6%
P
91.6%
A
91.6%
A
91.6%
D
91.6%
D
91.6%
T
91.5%
T
91.5%
L
91.4%
L
91.4%
E
91.4%
E
91.4%
A
87.7%
A
87.7%
S
87.2%
S
87.2%
A
87.1%
A
87.1%
R
86.9%
R
86.9%
D
86.8%
D
86.8%
Y
86.7%
Y
86.7%
N
86.3%
N
86.3%
L
85.9%
L
85.9%
E
85.9%
E
85.9%
R
85.8%
R
85.8%
N
85.7%
N
85.7%
I
84%
I
84%
O
83.9%
O
83.9%
N
83.9%
N
83.9%
I
83.8%
I
83.8%
C
83.7%
C
83.7%
C
83.6%
C
83.6%
E
83.4%
E
83.4%
I
83.2%
I
83.2%
P
83%
P
83%
% Correct
A
83%
A
83%
M
83%
M
83%
N
82.8%
N
82.8%
D
82.7%
D
82.7%
T
82.7%
T
82.7%
S
82.7%
S
82.7%
I
82.4%
I
82.4%
A
82.3%
A
82.3%
L
82.3%
L
82.3%
D
82.2%
D
82.2%
E
81.9%
E
81.9%
G
81.9%
G
81.9%
M
81.8%
M
81.8%
R
80.8%
R
80.8%
M
80.8%
M
80.8%
G
80.7%
G
80.7%
N
80.7%
N
80.7%
F
80.7%
F
80.7%
I
80.7%
I
80.7%
A
80.6%
A
80.6%
O
80.4%
O
80.4%
C
80.3%
C
80.3%
I
80.3%
I
80.3%
I
80.3%
I
80.3%
S
80.2%
S
80.2%
Y
80.1%
Y
80.1%
A
80%
A
80%
T
80%
T
80%
E
80%
E
80%
P
79.9%
P
79.9%
E
79.9%
E
79.9%
I
79.9%
I
79.9%
N
79.8%
N
79.8%
E
79.7%
E
79.7%
% Correct
I
79.7%
I
79.7%
T
79.5%
T
79.5%
R
79.4%
R
79.4%
A
79.1%
A
79.1%
Y
78.8%
Y
78.8%
I
78.7%
I
78.7%
A
78.6%
A
78.6%
E
78.6%
E
78.6%
N
78.6%
N
78.6%
N
78.6%
N
78.6%
B
78.2%
B
78.2%
S
78.1%
S
78.1%
S
77.9%
S
77.9%
N
77.7%
N
77.7%
C
77.6%
C
77.6%
O
77.6%
O
77.6%
A
77.4%
A
77.4%
C
77%
C
77%
T
75.9%
T
75.9%
O
75.7%
O
75.7%
A
75.5%
A
75.5%
N
75.3%
N
75.3%
D
75.1%
D
75.1%
Y
74.9%
Y
74.9%
I
74.6%
I
74.6%
B
74.3%
B
74.3%
O
73.1%
O
73.1%
C
73%
C
73%
Y
73%
Y
73%
S
72.6%
S
72.6%
R
72.4%
R
72.4%
P
72.2%
P
72.2%
E
72%
E
72%
N
71.5%
N
71.5%

You're not logged in!

Compare scores with friends on all Sporcle quizzes.
OR
Log In

You Might Also Like...

Show Comments

Extras

Top Quizzes Today


Score Distribution

Your Account Isn't Verified!

In order to create a playlist on Sporcle, you need to verify the email address you used during registration. Go to your Sporcle Settings to finish the process.

Report this User

Report this user for behavior that violates our Community Guidelines.

Details: